000 00639nam a22001937a 4500
005 20251108172731.0
008 250721s2001 xx 000 0 ara d
082 1 4 _a210/محم
100 1 _aمحمد، القاسم بن إبراهيم بن إسماعيل...
_eمؤلف
245 1 0 _aالأصول الثمانية /
264 1 _aعمان :
_bمؤسسة الإمام زيد بن علي الثقافية،
_c2001.
300 _a95ص
650 1 7 _aالفقه الإسلامي
650 1 7 _aأصول الفقه
650 1 7 _aالقرآن المجيد
650 1 7 _aالعقيدة الدينية
942 _2ddc
_cBK
999 _c87142
_d87142